00950nam a22002537a 450000100040000000500170000402000180002104000230003905000250006208200160008710000340010324500900013724600170022725000460024426000360029030000370032649000230036350500080038652001930039452100200058752100200060765000350062770000340066268220231107153410.0 a9780525421009 aDLCcDLCdDLCbeng00aPZ7.S68524bEse 200900a813.6002221 aSobol, Donald J.,d1924-2012.10aEncyclopedia Brown, super sleuth /cDonald J. Sobol ; illustrated by James Bernardin.30aSuper sleuth aFirst Scholastic printing, September 2010 aNew York :bPuffin Books,c2007 a87 pages :billustrationsc20 cm0 aEncyclopedia Brown aM  aIdaville's secret weapon against lawbreakers, ten-year-old Leroy "Encyclopedia" Brown, helps the police force solve ten new cases, the solutions to which are found in the back of the book. a630 bLexile  aM bRaz-Plus  1aMystery and detective stories.1 aBernardin, Jameseillustrator